Statistiques concernant Les villes d'origine des rappeurs

Cliquez ici pour prendre le quiz!

Statistiques générales

  • Ce quiz a été pris 305 fois
  • Le résultat moyen est 11 sur 20

Statistiques - réponses

RappeurVille% Correct
NekfeuParis
95%
Bigflo et OliToulouse
88%
AkhenatonMarseille
86%
KaarisSevran
78%
OrelsanCaen
75%
NiskaEvry
68%
BoobaBoulogne
66%
LarryStrasbourg
62%
ZeGuerreLyon
60%
Kool ShenSaint-Denis
59%
GradurRoubaix
56%
ValdAulnay-Sous-Bois
47%
MédineLe Havre
46%
Mac TyerAubervilliers
35%
La FouineTrappes
35%
PNLCorbeil-Essonnes
34%
DinosLa Courneuve
31%
Kery JamesOrly
18%
SinikLes Ulis
14%
Seth GuekoSaint-Ouen
13%

Distribution des résultats

Percentile par nombre de réponses

% des personnes avec chaque résultat

Votre développement - résultats

Vous n’avez pas pris ce quiz